000 00573nam a22001817a 4500
005 20230921142055.0
010 _aENG-135202
020 _c395.00
_a978-93-89691-86-3
035 _aEN-118733
037 _bDBAD/PUB
082 _2530.4
100 _aBahety, Sanjay K.
_957285
245 _aHeat and waves :
_bFor NEET (NTA) /
_cSanjay K. Bahety
260 _aChennai
_bMc Graw Hill
_c2020
270 _bChennai
_a444/1, Ekambara Naicker Industrial Estate, Alapakkam, Porur
_e600116
300 _avarious pages
_c24cm(pbk)
942 _2ddc
_cEN
_h530.4
_mBAT
999 _c192541
_d192541